| 000 | 00612nam a22001937a 4500 | ||
|---|---|---|---|
| 999 |
_c6841 _d6841 |
||
| 003 | AR-CdUCM | ||
| 008 | 190319b ||||| |||| 00| 0 spa d | ||
| 040 |
_aMUNICIPALIDAD PROVINCIAL DEL CUSCO _cBIBLIOTECA MUNICIPAL DEL CUSCO |
||
| 082 |
_a869.56 / _bF61 |
||
| 100 |
_aFlores de Naveda, Carlota _919270 |
||
| 245 | _aCuentos de lluvia / | ||
| 260 |
_aBogota : _bAlcaraván, _c1975. |
||
| 300 |
_a32 páginas ; _bIlustraciones _c16.5 cm. |
||
| 500 | _aDonación familia Nieto | ||
| 650 |
_aPremio “Palabra en Libertad”. _919271 |
||
| 650 |
_aliteratura peruana _919272 |
||
| 942 |
_2ddc _cLIBROS |
||
| 945 | _aafb | ||